000 01007nam a22003137a 4500
001 000725
003 DO-SdBNP
005 20180213144708.0
007 000725
008 161122b 1997 sp a ||||| |||| 00| 0 spa d
020 _a8434838575
040 _aBPMSU
_bspa
_cBPMSU
082 _axxxx
_bxxxx
100 1 _aBröger, Achim,
_d1944-
240 1 0 _a Heine eins bis Funf.
_lEspañol
245 1 0 _aUna tarde en la isla /
_c Achim Bröger ; traducción del alemán, Rosanna Terzi ; ilustraciones, Javier Aramburu.
250 _a4a ed.
260 _aMadrid :
_bSM,
_c1997.
300 _a107 p. :
_bil. ;
_c19 cm.
490 1 _aEl barco de vapor. Serie naranja
_v81
500 _aTraducción de: Heine eins bis Funf
500 _a "A partir de 9 años"--
700 1 _aTerzi, Rosanna,
_eil.
700 1 _aAramburu, Javier
830 0 _aEl barco de vapor. Serie naranja ;
_v81
942 _2ddc
_cBK
945 _aInventariado, 2018 / YL
956 _2LOPEREZ
_310
_620161122
_8BPMSU
_a00041
999 _c12033
_d12033